000 00935 a2200229 4500
003 NUST
005 20221123135522.0
010 _a 97021345
020 _a0393970833
040 _cNust
082 0 0 _a519.5,FRE
100 1 _aFreedman, David,
_9103434
245 1 0 _aStatistics /
_cDavid Freedman, Robert Pisani, and Roger Purves
250 _a3rd ed.
_bDavid Freedman, Robert Pisani, Roger Purves.
260 _aNew York :
_bW.W. Norton,
_cc1998.
300 _axviii, 578, 123 p. :
_bill. ;
_c27 cm.
505 _aPart-1: Design of Experiments (Page-3), Part-2: Descriptive Statistics (Page-31), Part-3: Correlation and Regression (Page-119), Part-4: Probability (Page-221), Part-5: Chance Variability (Page-273), Part-6: Sampling (Page-333), Part-7:Tests of Significance (Page-475).
650 0 _aMathematical statistics.
_961
700 1 _aPisani, Robert.
_962
700 1 _aPurves, Roger.
_963
942 _2ddc
_cBK
_k519.5,FRE
999 _c180005
_d180005